| 000 | 01452cam a2200313 4500 | ||
|---|---|---|---|
| 001 | J124728 | ||
| 008 | 040106n2000 000 0 eng u | ||
| 035 | _a(Sirsi) u124728 | ||
| 041 | _aeng | ||
| 050 |
_a630.026 _c18 |
||
| 100 | _aWilliams, Peter R. | ||
| 245 |
_aFarm cottages _bsecurity of tenure |
||
| 260 |
_aBristol _bBurges Salmon _c2000 |
||
| 300 |
_ax, 114p. _c23cm |
||
| 350 | _a9.50 | ||
| 520 | _aAn easy to use and comprehensive guide to the practical and technical issues involved in letting farm cottages, principally to farm or forestry workers, but also on the private rented market. Covers the three forms of letting under the Housing Act 1988: the assured tenancy, which carries full security of tenure; assured shorthold tenancies which give tenants a very limited level of security and assured agricultural occupancies which apply only to certain qualifying agricultural workers but give a high degree of security of tenure similar to the assured tenancy. Table of cases. | ||
| 650 | _aFARM COTTAGES | ||
| 650 | _aSECURITY OF TENURE | ||
| 650 | _aASSURED AGRICULTURAL OCCUPANCIES | ||
| 650 | _aASSURED SHORTHOLD TENANCIES | ||
| 650 | _aASSURED TENANCIES | ||
| 650 | _aHOUSING ACT 1988 | ||
| 650 | _aHOUSING ACT 1980 | ||
| 650 | _aRENT (AGRICULTURE) ACT 1976 | ||
| 650 | _aPROTECTED SHORTHOLD TENANCIES | ||
| 690 | _aLANDLORD AND TENANT-AGRICULTURAL TENANCIES | ||
| 700 | _aJohnstone, Michael | ||
| 942 | _n0 | ||
| 999 |
_c103271 _d103271 |
||